[Event "POL-ch U16 Girls"]
[Site "Sypniewo"]
[Date "2022.03.23"]
[Round "5"]
[White "Gac Mytych, Sara"]
[Black "Pieczewska, Jadwiga"]
[Result "1/2-1/2"]
[WhiteElo "1202"]
[BlackElo "1234"]
[PlyCount "67"]
[EventDate "2022.03.19"]
[EventType "swiss"]
[EventRounds "9"]
[EventCountry "POL"]
[SourceTitle "CBM 207 Extra"]
[Source "ChessBase"]
[SourceDate "2022.05.31"]
[SourceVersion "1"]
[SourceVersionDate "2022.05.31"]
[SourceQuality "1"]

1. e4 e6 2. d4 d5 3. Nd2 Nf6 4. e5 Nfd7 5. Bd3 c5 6. c3 Nc6 7. Ne2 cxd4 8. cxd4 f6 9. exf6 Qxf6 10. Nf3 Bd6 11. Bg5 Qf7 12. 0-0 h6 13. Bd2 0-0 14. Qc2 Kh8 15. Nh4 Rd8 16. Ng6+ Kg8 17. f4 Nf6 18. Ne5 Qc7 19. Rac1 Bd7 20. Bg6 Rf8 21. h3 Rac8 22. Qd3 Qd8 23. g4 Be8 24. Bxe8 Qxe8 25. Qg6 Qxg6 26. Nxg6 Rf7 27. a3 Ne4 28. Be3 Kh7 29. Ne5 Bxe5 30. fxe5 Rcf8 31. Rxf7 Rxf7 32. Rf1 Rxf1+ 33. Kxf1 g5 34. Kg2 1/2-1/2

[Event "POL-ch U15 Qual"]
[Site "Jastrzebia Gora"]
[Date "2021.11.20"]
[Round "8"]
[White "Gac Mytych, Sara"]
[Black "Grembocka, Zuzanna"]
[Result "1-0"]
[WhiteElo "1184"]
[BlackElo "1186"]
[PlyCount "149"]
[EventDate "2021.11.15"]
[EventType "swiss"]
[EventRounds "9"]
[EventCountry "POL"]
[SourceTitle "EXT 2023"]
[Source "ChessBase"]
[SourceDate "2022.10.05"]
[SourceVersion "1"]
[SourceVersionDate "2022.10.05"]
[SourceQuality "1"]

1. e4 e6 2. d4 d5 3. Nd2 c5 4. Ngf3 cxd4 5. Nxd4 Nf6 6. e5 Nfd7 7. N2f3 Nc6 8. Nxc6 bxc6 9. c4 Qc7 10. cxd5 cxd5 11. Qa4 Rb8 12. a3 Be7 13. Bb5 0-0 14. Bxd7 Bxd7 15. Qg4 Qa5+ 16. Bd2 Qa4 17. Qxa4 Bxa4 18. b4 f6 19. Be3 fxe5 20. Nxe5 Bf6 21. Bd4 Rbc8 22. 0-0 Rc2 23. Rfe1 a6 24. Nf3 Rc4 25. Bxf6 Rxf6 26. Rac1 h6 27. Rxc4 dxc4 28. Rc1 Rf4 29. Rc3 Re4 30. h3 Bb5 31. Kf1 Kf7 32. Nd2 Rd4 33. Ke2 e5 34. Nf3 Rd5 35. Nd2 Kf6 36. Ke3 Rd4 37. Nf3 Rd1 38. Ke2 Rd3 39. Rxd3 cxd3+ 40. Ke3 Ke6 41. Ne1 e4 42. f3 exf3 43. gxf3 Kd5 44. Nxd3 Kc4 45. Nc5 Kd5 46. Kf4 Kd6 47. Kf5 Ke7 48. Kg6 Bc4 49. Kxg7 h5 50. Kg6 Bf7+ 51. Kg5 a5 52. bxa5 Kd6 53. Ne4+ Kc6 54. Nf6 Kb5 55. Nxh5 Kxa5 56. f4 Kb6 57. f5 Kc6 58. Nf4 Kd7 59. h4 Ke8 60. h5 Kf8 61. Ng6+ Kg7 62. h6+ Kg8 63. a4 Bb3 64. a5 Bc4 65. Ne7+ Kh8 66. Nc6 Bb5 67. Nb4 Be2 68. a6 Bf3 69. a7 Bb7 70. Na6 Ba8 71. Nc7 Bb7 72. a8Q+ Bxa8 73. Nxa8 Kh7 74. Kf6 Kg8 75. h7+ 1-0

[Event "POL-ch U15 Qual"]
[Site "Jastrzebia Gora"]
[Date "2021.11.18"]
[Round "6"]
[White "Gac Mytych, Sara"]
[Black "Walendykiewicz, Martyna"]
[Result "1/2-1/2"]
[WhiteElo "1184"]
[BlackElo "1209"]
[PlyCount "139"]
[EventDate "2021.11.15"]
[EventType "swiss"]
[EventRounds "9"]
[EventCountry "POL"]
[SourceTitle "EXT 2023"]
[Source "ChessBase"]
[SourceDate "2022.10.05"]
[SourceVersion "1"]
[SourceVersionDate "2022.10.05"]
[SourceQuality "1"]

1. e4 e5 2. Bc4 Nf6 3. d3 h6 4. Nf3 Nc6 5. Nc3 Bb4 6. Bd2 d6 7. Qe2 Qe7 8. a3 Bxc3 9. Bxc3 a6 10. h3 Be6 11. Bxe6 Qxe6 12. 0-0-0 0-0-0 13. Kb1 Rhe8 14. Nh4 Ne7 15. Rhe1 g5 16. Nf3 Ng6 17. Qe3 Kb8 18. Rg1 Nd7 19. Rde1 Nf6 20. b3 Re7 21. Bb2 Rde8 22. Nd2 Qd7 23. f3 Qc6 24. d4 Qb6 25. Nc4 Qa7 26. d5 Qxe3 27. Nxe3 Ng8 28. Nf5 Rd7 29. g3 N6e7 30. Nxe7 Nxe7 31. Bc1 Ng6 32. Ref1 Rde7 33. Bd2 Rf8 34. a4 f5 35. h4 fxe4 36. fxe4 Rxf1+ 37. Rxf1 gxh4 38. gxh4 Nxh4 39. Bxh6 Re8 40. Rf8 Rxf8 41. Bxf8 Nf3 42. Bh6 Nh2 43. Bg5 Nf1 44. c4 Ng3 45. Kc2 Nxe4 46. Bh4 Nc5 47. Bf2 Nd7 48. Kd3 Kc8 49. b4 b6 50. Ke4 Kd8 51. Kf5 Ke7 52. Bh4+ Kf7 53. Bd8 Ke8 54. Bxc7 Ke7 55. a5 bxa5 56. Bxa5 Nf6 57. Bb6 Nh5 58. Be3 Ng3+ 59. Kg4 Ne4 60. Kf5 Nc3 61. Bd2 Na4 62. Be3 Nc3 63. Bd2 Na4 64. c5 Kd7 65. cxd6 Kxd6 66. Ke4 Nb6 67. b5 axb5 68. Bb4+ Kd7 69. Kxe5 Nxd5 70. Kxd5 1/2-1/2

[Event "POL-ch U14 Girls"]
[Site "Uniejow"]
[Date "2021.07.22"]
[Round "6"]
[White "Bar, Klaudia"]
[Black "Gac Mytych, Sara"]
[Result "1/2-1/2"]
[WhiteElo "1439"]
[BlackElo "1125"]
[PlyCount "70"]
[EventDate "2021.07.18"]
[EventType "swiss"]
[EventRounds "9"]
[EventCountry "POL"]
[SourceTitle "EXT 2022"]
[Source "ChessBase"]
[SourceDate "2021.10.06"]
[SourceVersion "1"]
[SourceVersionDate "2021.10.06"]
[SourceQuality "1"]

1. d4 d5 2. c4 dxc4 3. e4 e6 4. Bxc4 c5 5. Nf3 cxd4 6. Qxd4 Qxd4 7. Nxd4 a6 8. Be3 Bc5 9. Nc3 Nd7 10. a4 Ngf6 11. h3 0-0 12. 0-0 b6 13. Nc2 Bb7 14. f3 Ne5 15. Be2 Bxe3+ 16. Nxe3 Rfd8 17. Rfd1 Rac8 18. Rxd8+ Rxd8 19. Rd1 Rxd1+ 20. Nexd1 g5 21. b3 Nfd7 22. Nb2 Kf8 23. Nc4 Ke7 24. Kf2 Nxc4 25. Bxc4 Ne5 26. Be2 Kd6 27. Ke3 Nc6 28. g3 h6 29. f4 Bc8 30. h4 gxh4 31. gxh4 f5 32. e5+ Kc5 33. Na2 Nb4 34. Nc1 Nd5+ 35. Kf3 Nb4 1/2-1/2

[Event "POL-ch U14 Girls"]
[Site "Uniejow"]
[Date "2021.07.21"]
[Round "5"]
[White "Mitrega, Wiktoria"]
[Black "Gac Mytych, Sara"]
[Result "0-1"]
[WhiteElo "1251"]
[BlackElo "1125"]
[PlyCount "52"]
[EventDate "2021.07.18"]
[EventType "swiss"]
[EventRounds "9"]
[EventCountry "POL"]
[SourceTitle "EXT 2022"]
[Source "ChessBase"]
[SourceDate "2021.10.06"]
[SourceVersion "1"]
[SourceVersionDate "2021.10.06"]
[SourceQuality "1"]

1. d4 d5 2. Bf4 Nf6 3. e3 e6 4. c4 dxc4 5. Bxc4 a6 6. Nd2 c5 7. dxc5 Bxc5 8. Ngf3 0-0 9. 0-0 b5 10. Bb3 Bb7 11. Qc2 Qb6 12. a3 Nbd7 13. Ba2 Rac8 14. Qd1 a5 15. Nb3 Rfd8 16. Qe2 Ba6 17. Rfd1 b4 18. Qe1 bxa3 19. bxa3 Bxa3 20. Qxa5 Qxa5 21. Nxa5 Bb4 22. Nb3 Be2 23. Rdc1 Bc3 24. Rxc3 Rxc3 25. Nbd4 Bxf3 26. Nxf3 Ra8 0-1

[Event "POL-ch rapid (Women)"]
[Site "Bydgoszcz"]
[Date "2020.12.13"]
[Round "2"]
[White "Karkowska, Ewa"]
[Black "Gac Mytych, Sara"]
[Result "1-0"]
[WhiteElo "1389"]
[BlackElo "1147"]
[PlyCount "127"]
[EventDate "2020.12.13"]
[EventType "swiss (rapid)"]
[EventRounds "9"]
[EventCountry "POL"]
[SourceTitle "CBM 199 Extra"]
[Source "ChessBase"]
[SourceDate "2021.01.31"]
[SourceVersion "1"]
[SourceVersionDate "2021.01.31"]
[SourceQuality "1"]

1. e4 e5 2. Nc3 Nf6 3. f4 d6 4. Nf3 Nc6 5. Bc4 Bg4 6. d3 Be7 7. 0-0 0-0 8. h3 Bxf3 9. Qxf3 Nd4 10. Qd1 c6 11. Be3 b5 12. Bb3 Nxb3 13. axb3 a6 14. d4 exd4 15. Qxd4 c5 16. Qd3 b4 17. Nd5 Nxd5 18. Qxd5 Qc7 19. Rfd1 Rfd8 20. Rd2 Bf6 21. Rb1 a5 22. g4 h6 23. Rd3 Ra6 24. c3 bxc3 25. bxc3 Rb6 26. Rbd1 Rdb8 27. g5 hxg5 28. fxg5 Be5 29. g6 Rxb3 30. Rf1 Rb1 31. gxf7+ Kf8 32. Rdd1 Rxd1 33. Rxd1 Qxf7 34. Rf1 Bf6 35. Qxd6+ Kg8 36. Qxb8+ Kh7 37. Qg3 Qh5 38. e5 Bh4 39. Qg4 Qxg4+ 40. hxg4 Bg3 41. Bxc5 Bxe5 42. c4 a4 43. Re1 Bb2 44. Bb4 a3 45. Bxa3 Bxa3 46. Re5 Kg6 47. c5 Bb2 48. Rf5 Bd4+ 49. Kf1 Kh6 50. c6 g6 51. Rf7 Bb6 52. c7 Bxc7 53. Rxc7 Kg5 54. Rc4 Kh4 55. Kf2 Kg5 56. Kf3 Kh4 57. Rc6 Kg5 58. Rb6 Kh6 59. Kf4 Kg7 60. Kg5 Kh7 61. Rxg6 Kh8 62. Kf6 Kh7 63. Kf7 Kh8 64. Rh6# 1-0

[Event "POL-ch rapid (Women)"]
[Site "Bydgoszcz"]
[Date "2020.12.13"]
[Round "6"]
[White "Sivickis, Wiktoria"]
[Black "Gac Mytych, Sara"]
[Result "0-1"]
[WhiteElo "1708"]
[BlackElo "1147"]
[PlyCount "42"]
[EventDate "2020.12.13"]
[EventType "swiss (rapid)"]
[EventRounds "9"]
[EventCountry "POL"]
[SourceTitle "CBM 199 Extra"]
[Source "ChessBase"]
[SourceDate "2021.01.31"]
[SourceVersion "1"]
[SourceVersionDate "2021.01.31"]
[SourceQuality "1"]

1. e4 e5 2. Nf3 Nf6 3. d4 exd4 4. Nxd4 Be7 5. Nc3 d6 6. Bc4 0-0 7. 0-0 a6 8. a4 c5 9. Nde2 b6 10. f3 Nc6 11. Bf4 Ra7 12. Qd2 Rd7 13. Rad1 Na5 14. Ba2 Bb7 15. Nd5 Nxd5 16. Bxd5 Bxd5 17. Qxd5 b5 18. e5 Nc4 19. axb5 axb5 20. b3 Nb6 21. Qd3 dxe5 0-1

[Event "Poznan op 27th"]
[Site "Poznan"]
[Date "2019.08.25"]
[Round "9"]
[White "Niemier, Martyna"]
[Black "Gac Mytych, Sara"]
[Result "1/2-1/2"]
[WhiteElo "1231"]
[BlackElo "1042"]
[PlyCount "24"]
[EventDate "2019.08.18"]
[EventType "swiss"]
[EventRounds "9"]
[EventCountry "POL"]
[SourceTitle "EXT 2020"]
[Source "ChessBase"]
[SourceDate "2019.10.17"]
[SourceVersion "1"]
[SourceVersionDate "2019.10.17"]
[SourceQuality "1"]

1. d4 d5 2. c4 e6 3. Nf3 Nd7 4. Nc3 Ngf6 5. Bg5 Be7 6. e3 a6 7. Bd3 dxc4 8. Bxc4 b5 9. Bb3 0-0 10. 0-0 Bb7 11. Rc1 Rc8 12. Ne5 Re8 1/2-1/2

[Event "Poznan op 27th"]
[Site "Poznan"]
[Date "2019.08.18"]
[Round "2"]
[White "Gac Mytych, Sara"]
[Black "Zarzycki, Lukasz"]
[Result "1/2-1/2"]
[WhiteElo "1042"]
[BlackElo "1397"]
[PlyCount "92"]
[EventDate "2019.08.18"]
[EventType "swiss"]
[EventRounds "9"]
[EventCountry "POL"]
[SourceTitle "EXT 2020"]
[Source "ChessBase"]
[SourceDate "2019.10.17"]
[SourceVersion "1"]
[SourceVersionDate "2019.10.17"]
[SourceQuality "1"]

1. e4 e6 2. d4 d5 3. exd5 exd5 4. Nc3 c6 5. Be3 Nf6 6. Be2 Bd6 7. h3 Qb6 8. Rb1 0-0 9. Nf3 Re8 10. 0-0 Bf5 11. Bd3 Bxd3 12. Qxd3 Nbd7 13. Rfe1 Re7 14. Ne5 Qc7 15. Nxd7 Qxd7 16. Na4 Rae8 17. Nc5 Bxc5 18. dxc5 d4 19. Bd2 Qd5 20. Rxe7 Rxe7 21. Bb4 Qxa2 22. c3 a5 23. Ba3 dxc3 24. Qd8+ Re8 25. Qd1 cxb2 26. Bxb2 Qd5 27. Qc2 Qe4 28. Qd1 Qe2 29. Qa4 Qd2 30. Qa1 Qd8 31. Rd1 Qc7 32. Bxf6 gxf6 33. Qxf6 Qe5 34. Qf3 Qxc5 35. Rd7 Re1+ 36. Kh2 Qe5+ 37. g3 Qe6 38. Rd8+ Kg7 39. Qc3+ Qe5 40. Qf3 Qe6 41. Qc3+ Qe5 42. Qf3 h6 43. Qg4+ Qg5 44. Qd4+ Qe5 45. Qg4+ Qg5 46. Qd4+ Qe5 1/2-1/2

[Event "Poznan op 27th"]
[Site "Poznan"]
[Date "2019.08.18"]
[Round "1"]
[White "Lach, Tomasz"]
[Black "Gac Mytych, Sara"]
[Result "1-0"]
[WhiteElo "1814"]
[BlackElo "1042"]
[PlyCount "49"]
[EventDate "2019.08.18"]
[EventType "swiss"]
[EventRounds "9"]
[EventCountry "POL"]
[SourceTitle "EXT 2020"]
[Source "ChessBase"]
[SourceDate "2019.10.17"]
[SourceVersion "1"]
[SourceVersionDate "2019.10.17"]
[SourceQuality "1"]

1. e4 e5 2. Nf3 Nc6 3. Bb5 a6 4. Ba4 Bc5 5. 0-0 b5 6. Bb3 Nf6 7. c3 0-0 8. d4 exd4 9. cxd4 Bb4 10. e5 Ne4 11. Bd5 Re8 12. Bxe4 d5 13. Bc2 Bg4 14. Qd3 g6 15. Bg5 Qd7 16. Rd1 Bf5 17. Qe2 Rac8 18. Nc3 Bxc3 19. bxc3 Na5 20. Bf6 Nc4 21. Bb3 Na5 22. Qd2 Re6 23. Qh6 Rxf6 24. exf6 Nxb3 25. Qg7# 1-0